000
00297nam a2200121Ia 4500
008
191201s2005 xx 000 0 und d
100
_a
ICS OF INDIA
245
0
_a
Banking and Insurance Law and Practice
260
_a
N. delhi
_b
ICS Of India
_c
2005
300
_a
630
650
_a
MBA
942
_2
ddc
_c
BK
999
_c
157
_d
157